| 000 | 02227nam0a2200313 i 4500 | ||
|---|---|---|---|
| 001 | RU\NLR\bibl\1992232 | ||
| 005 | 20260407131316.0 | ||
| 010 |
_a9785980890292 _9100 |
||
| 021 |
_aRU _b2012-101140 _97459 |
||
| 035 | _a(nilc)RuMoRGB-006512905 | ||
| 035 | _a(NLR Aleph) 001980737 | ||
| 090 |
_a4086641 _c4086641 |
||
| 100 | _a20130117d2012 u y0rusy50 ca | ||
| 101 | 1 |
_arus _aeng |
|
| 102 | _aRU | ||
| 105 | _ay ||||||||| | ||
| 200 | 1 |
_aРусская песня в переводах на английский язык _e(поэтическая тетрадь для организаторов внеклассной работы по английскому языку) _fМ-во образования и науки Российской Федерации, Набережночелнинский фил. Федерального гос. бюджетного образовательного учреждения высш. проф. образования "Нижегородский гос. лингвистический ун-та им. Н. А. Добролюбова", (Набережночелнинский фил. ФГБОУ ВПО "НГЛУ") _g[сост.-пер. А. В. Теренин] |
|
| 210 |
_aНабережные Челны _cИздательско-полиграфический отдел НФ ФГБОУ ВПО "НГЛУ" _d2012 |
||
| 215 |
_a67 с. _d21 |
||
| 327 | 0 | _aСодерж. авторы: Ю. Энтин, А. Тимофеевский, М. Пляцковский, С. Есенин, В. Высоцкий, Б. Окуджава, Я. Смеляков, Я. Полонский, С. Рыскин, С. Суриков, М. Ножкин [и др.] | |
| 702 | 1 |
_aТеренин _bА. В. _gАлександр Васильевич _4220 |
|
| 712 | 0 | 2 |
_4570 _aНижегородский государственный лингвистический университет им. Н. А. Добролюбова _bНабережночелнинский филиал _3RU\NLR\AUTH\8810077349 _9656892 |
| 801 | 0 |
_aRU _bRuMoRKP _c20130117 _gRCR |
|
| 801 | 2 |
_aRU _bРГБ _c20130129 _grcr |
|
| 801 | 1 |
_aRU _bRuMoRKP _c20130117 _2rusmarc |
|
| 801 | 2 |
_aRU _bNLR _c20130125 _grcr |
|
| 942 | _cBOOK | ||
| 980 | _aNBR | ||